Cuentos cortos : Atrévete a escribir : séptima versión /

Bibliographic Details
Main Author: Ayure Daza, Yuly (Author)
Format: Electronic eBook
Language:Spanish
Published: Bogotá : Editorial Uniagustiniana, 2023.
Series:Colección Creación artística y cultural (Editorial Uniagustiniana)
Subjects:
Online Access:Digitalia Hispánica

MARC

LEADER 00000nam a2200000Ii 4500
001 DIGUAGANA0028
003 NyNyDIG
006 m o d
007 cr |||||||||||
008 241206s2023 ck o 000 j spa d
035 |a (OCoLC)1479209774 
040 |a DGITA  |b eng  |e rda  |e pn  |c DGITA 
020 |a 9789585498990  |q (digital) 
020 |z 9789585498983  |q (impreso) 
050 1 4 |a PQ8176 ebook 
245 0 0 |a Cuentos cortos :  |b Atrévete a escribir : séptima versión /  |c autores, Yuly Ayure Daza [and 10 others]. 
246 3 0 |a Atrévete a escribir  
264 1 |a Bogotá :  |b Editorial Uniagustiniana,  |c 2023. 
300 |a 1 online resource. 
336 |a text  |b txt  |2 rdacontent 
337 |a computer  |b c  |2 rdamedia 
338 |a online resource  |b cr  |2 rdacarrier 
347 |a text file  |2 rdaft 
347 |b PDF 
490 1 |a Colección Creación artística y cultural 
588 0 |a Online resource; title from PDF title page (Digitalia, viewed December 6, 2024) 
655 7 |a Short stories.  |2 lcgft 
700 1 |a Ayure Daza, Yuly,  |e author. 
776 0 8 |i Print version:  |t Cuentos cortos : Atrévete a escribir : séptima versión.  |d Bogotá : Editorial Uniagustiniana, 2023  |z 9789585498983 
791 2 |a Digitalia (Firm),  |e distributor. 
793 0 |g Digitalia eBook Collection:  |a Editorial Uniagustiniana 
830 0 |a Colección Creación artística y cultural (Editorial Uniagustiniana) 
856 4 0 |3 Digitalia Hispánica  |u https://www.digitaliapublishing.com/a/162827/ 
910 |a Premium collection: 2024